| 000 | 00990cam a22002895i 4500 | ||
|---|---|---|---|
| 001 | 21756837 | ||
| 003 | OSt | ||
| 005 | 20250520110522.0 | ||
| 008 | 201014s2020 mau 000 0 eng | ||
| 020 | _a9780128243725 (hardcover) | ||
| 040 |
_aDLC _beng _erda _cDLC _dNUST |
||
| 050 | _aTJ265 DIN | ||
| 100 | 1 |
_aDincer, Ibrahim _eAuthor |
|
| 245 | 1 | 0 |
_aExergy : _benergy, environment and sustainable development / _cIbrahim Dincer and Marc A Rosen. |
| 250 | _aThird edition. | ||
| 260 |
_aAmsterdam : _bElsevier, _c2021. |
||
| 300 |
_axix, 703 pages : _bIllustrations ; _c29 cm. |
||
| 336 |
_atext _btxt _2rdacontent |
||
| 337 |
_aunmediated _bn _2rdamedia |
||
| 338 |
_avolume _bnc _2rdacarrier |
||
| 504 | _aIncludes bibliographical references and index. | ||
| 650 | _vConservation of energy resources. | ||
| 650 | _vSystems analysis. | ||
| 650 | _vEnergy conservation. | ||
| 700 | 1 |
_aRosen, Marc A _eAuthor |
|
| 942 |
_2lcc _cBOOKS _eThird edition. _hTJ265 DIN _kTJ _mDIN _n0 |
||
| 999 |
_c171802 _d171802 |
||